000 00604nam a2200229Ia 4500
003 OSt
005 20221007075655.0
006 a|||||r|||| 00| 0
007 ta
008 221006b |||||||| |||| 00| 0 eng d
024 _a12,598
037 _cTextual
040 _aFLL
_cFLL
_beng
041 _2eng
_aeng
082 _aV277,3:13, M8
100 _aMedhi Kunja Au.
_9694114
245 0 _aState Politics in India
260 _aNew Delhi
_bOmsons pub. India
_c1988
300 _axi,351p
_ccm.
942 _hV277,3:13, M8
_cTEXL
_2CC
999 _c1156968
_d1156968